• 首页
  • 本馆介绍
  • 公告通知
  • 最新文献
  • 馆藏检索
  • 电子资源
  • 读者导购
  • 参考咨询
  • 我的图书馆
  • 登录
  • 详细信息显示
  • 放入我的书架
  • 预约/预借图书
  • 作者相关作品
  • 分类相关作品
  • 丛书相关作品
  • 出版社相关作品

书目信息

  • 表格格式
  • 工作单格式
  • 卡片格式
题名:
新华日报的回忆
    
 
作者: 石西民 , 范剑涯 编
分册:  
出版信息: 成都   四川人民出版社  1983
页数: 504页
开本: 21cm
丛书名:
单 册:
中图分类: G219.296
科图分类:
主题词:
电子资源:
ISBN:
000 00670nam0 2200241 45
001 0183009597
005 20060728173036.45
010    @dCNY1.62
091    @aCN@b11118.114
100    @a19950703d1983 em y0chiy0121 ea
101 0  @achi
102    @aCN@b510000
105    @af z 000yy
200 10 @a新华日报的回忆@Axin hua ri bao de hui yi@e续集@f石西民,范剑涯等编
210    @a成都@c四川人民出版社@d1983
215    @a504页@c照片@d21cm
605    @a新华日报@x纪念文集
690    @aG219.296@v3
701  0 @a石西民@Ashi xi min@4编
701  0 @a范剑涯@Afan jian ya@4编
801  0 @aCN@bTSSF@c20060728
801  2 @aCN@bNLC@c20060724
905    @a10447@dG219.296@e170
    
    新华日报的回忆:续集/石西民,范剑涯等编.-成都:四川人民出版社,1983
    504页:照片;21cm
    
    
    ISBN :CNY1.62
    
●
相关链接 在E读中查询图书 在五车中查询图书 在当当中查询图书 在豆瓣中查询图书


正题名:新华日报的回忆     索取号:G219.296/170         预约/预借

序号 登录号 条形码 馆藏地/架位号 状态 备注
1 0425686   204256866   密集书库/ [索取号:G219.296/170] 在馆    
2 0425687   204256875   密集书库/ [索取号:G219.296/170] 在馆    
3 0440624   204406240   密集书库/ [索取号:G219.296/170] 在馆    
唐山师范学院图书馆 欢迎您!
大连网信软件有限公司© 版权所有